| 000 | 00560nam a2200193Ia 4500 | ||
|---|---|---|---|
| 001 | 5339 | ||
| 003 | GE_BSU | ||
| 008 | 181216s||||||||xx |||||||||||||| ||und|| | ||
| 040 | _cGE_BSU | ||
| 080 | _a512(075.3)+517.5(075.3) | ||
| 100 | _aАбрамович ,М.И;. Стародубцев М.Т.; | ||
| 245 | _aМатематика (алгебра и элементарные функции): | ||
| 260 | _aМосква | ||
| 260 | _bВысшая школа | ||
| 260 | _c1976 | ||
| 300 | _a270стр.22см. | ||
| 653 | _aМатематика | ||
| 942 | _cBK | ||
| 999 |
_c38918 _d38918 |
||